| 000 | 00929nam a2200253 i 4500 | ||
|---|---|---|---|
| 005 | 20250807151635.0 | ||
| 008 | 250807s2025 my gr 000 1 may d | ||
| 020 |
_a9786297561486 _cRM29.00 _qpaperback |
||
| 040 |
_aPPAK _beng _cPPAK _erda |
||
| 082 | 0 | 4 |
_223 _a899.2333 |
| 090 | 0 | 0 |
_a899.2333 _bFAI _dG |
| 100 | 0 |
_aFaisal Tehrani, _d1974- _eauthor. |
|
| 245 | 1 | 0 |
_aNAMA BETA SULTAN ALAUDDIN / _cFAISAL TEHRANI ; Ketua Editor: Azam Ahmad ; Reka Letak & Kulit: Dr. Syahirah Salehuddin |
| 264 | 1 |
_aKajang, Selangor : _bJIWA sebuah imprin oleh JT Publishing House Sdn Bhd, _c2025 |
|
| 300 |
_a131 pages ; _c20 cm |
||
| 336 |
_atext _2rdacontent |
||
| 337 |
_aunmediated _2rdamedia |
||
| 338 |
_avolume _2rdacarrier |
||
| 650 | 1 | 0 | _aMalay fiction |
| 650 | 2 | 4 | _aMalaysian fiction (Malay) |
| 700 | 0 |
_aAzam Ahmad, _eeditor. |
|
| 700 | 0 |
_aSyahirah Salehuddin, _cDr., _eillustrator. |
|
| 942 |
_2ddc _cB |
||
| 999 |
_c200338 _d200338 |
||